000 00577nam a2200169 a 4500
008 120416s1970 ||||||||||||||||| || u
050 _aQA 402.3 Kir
100 _aKirk, Donald F
245 1 0 _aOptimal control theory
246 _aan introduction
260 _aEnglewood Cliffs, N.J.
_bFT Prentice-Hall
_c[1970]
300 _aix, 452p. : ill
350 _a0.00
650 0 _aCONTROL THEORY
650 _aCOMPUTERS
995 _D0.00
_FCBU-MAIN LIBRARY (Kitwe)
_H1
_I0.00
_M1
_UAVAILABLE
_ZMain Library Open Access Collection
999 _c52716
_d52716